000 00704nam a2200181Ia 4500
008 100920s9999 xx 000 0 und d
082 _b86956
_a24 न 02
100 _aशर्मा रोमी.
245 _aभारतीय महिलाएं: नई दिशाएं.
260 _bसूचना और प्रसारण मन्त्रालय, भारत सरकार.
_c2002
300 _a132
_bसाधी
365 _b65
520 _aसायो.
630 _aभारतीय महिलाएं: नई दिशाएं.
650 _aसायो.
730 _aभारतीय महिलाएं: नई दिशाएं.
942 _cBOOK
999 _c727466
_d727463